| 000 | 00568nam a2200193Ia 4500 | ||
|---|---|---|---|
| 008 | 220216s9999 xx 000 0 und d | ||
| 100 | _aBingzhong Wang | ||
| 245 | 0 | _aTheoretical studies on optimum planting season for Hevea planting materials with young sprouts | |
| 260 |
_bChinese Journal of Tropical Crops _c1993 |
||
| 300 | _a38 | ||
| 650 | _aHevea brasiliensis | ||
| 650 | _aOsmotic substance | ||
| 650 | _aPlant phenology | ||
| 650 | _aSprouts | ||
| 650 | _aWater retaining capacity | ||
| 700 | _aJianhua Dong | ||
| 700 | _aMingzeng Sun | ||
| 942 | _cJS | ||
| 999 |
_c71184 _d71184 |
||